| 000 | 00466nam a2200133Ia 4500 | ||
|---|---|---|---|
| 008 | 210210b1982 xxu||||| |||| 00| 0 eng d | ||
| 082 | _a305.6220548 KOIC | ||
| 100 | _aKOILPARAMPIL (George). | ||
| 245 | _aCaste in the catholic community in Kerala. study of caste elements in the inter rite relationships of syrians and latins. | ||
| 260 |
_aCochin. _bDept of Sociology, St. Teresa''s College., _c1982 |
||
| 300 | _ax,289 | ||
| 690 | _aSocial Groups | ||
| 906 | _a036703 | ||
| 999 |
_c86929 _d86929 |
||